| 000 | 01477cam a2200373 a 4500 | ||
|---|---|---|---|
| 001 | EDZ0000020798 | ||
| 003 | StDuBDS | ||
| 005 | 20161031105113.0 | ||
| 006 | m||||||||d|||||||| | ||
| 007 | cr ||||||||||| | ||
| 008 | 110207s2011 cau fo| 001|0|eng|d | ||
| 020 |
_a9781412994118 (ebook) : _cNo price |
||
| 040 |
_aStDuBDS _beng _cStDuBDS _epn |
||
| 049 | _aAlfaisal Main Library | ||
| 050 | 0 |
_aHV6025 _b.C677 2011 |
|
| 082 | 0 | 4 |
_a364.0973 _223 |
| 245 | 0 | 0 |
_aCrime and criminal behavior _h[electronic resource] / _cgeneral editor, William J. Chambliss. |
| 260 |
_aThousand Oaks, Calif. ; _aLondon : _bSAGE, _cc2011. |
||
| 300 | _a1 online resource (xv, 323 p.). | ||
| 490 | 1 | _aKey issues in crime and punishment | |
| 520 | 8 | _a'Crime and Criminal Behavior' delves into such hotly debated topics as age of consent, euthanasia and assisted suicide, guns, gambling, Internet pornography, religious convictions, terrorism and extremism. | |
| 521 | _aSpecialized. | ||
| 588 | _aDescription based on print version record. | ||
| 504 | _aIncludes bibliographical references and index. | ||
| 650 | 0 | _aCriminal behavior. | |
| 650 | 0 | _aCrime. | |
| 655 | 7 |
_aElectronic books. _2local |
|
| 700 | 1 | _aChambliss, William J. | |
| 710 | 2 | _aSage eBooks | |
| 776 | 0 | 8 |
_iPrint version : _z9781412978552 |
| 830 | 0 | _aKey issues in crime and punishment. | |
| 856 | 4 | 0 | _uhttp://ezproxy.alfaisal.edu/login?url=http://sk.sagepub.com/reference/criminalbehavior |
| 942 |
_2lcc _cEBOOKS |
||
| 999 |
_c479375 _d479375 |
||